Score 0/15 Timer 20:00
0 Plays Today
% Correct
1969
95.9%
2020
83.6%
2009
81.1%
2019
80.3%
2016
73%
2018
70.5%
1992
69.7%
1995
65.6%
% Correct
2007
65.6%
1998
64.8%
2001
64.8%
2013
64.8%
2006
63.1%
2002
61.5%
2003
61.5%
Remove Ads.
Support Sporcle.
Get the best of Sporcle when you Go Orange. This ad-free experience offers more features, more stats, and more fun while also helping to support Sporcle. Thank you for becoming a member.

You're not logged in!

Compare scores with friends on all Sporcle quizzes.
OR
Log In

Show Comments

Extras

Top Quizzes Today


Score Distribution

Your Account Isn't Verified!

In order to create a playlist on Sporcle, you need to verify the email address you used during registration. Go to your Sporcle Settings to finish the process.

Report this User

Report this user for behavior that violates our Community Guidelines.

Details: